000 00905nam a2200265 i 4500
001 188703
003 SpMaBN
005 20240317063007.0
008 190204s1999 sp ac |||| |dspa d
020 _a84-89606-08-0
080 _a94(460.358 Berja)
080 _a913(460.358 Berja)(084.12)
100 1 _aRuiz Fernández, José,
_d1946-
_9166118
245 1 0 _aBerja en el primer tercio del siglo XX
_b: (1902-1931) /
_cJosé Ruiz Fernández.
260 _aAlmería :
_bArráez :
_bLibrería Amat Montes,
_c1999.
300 _a173 p. :
_bil. ;
_c24 cm.
490 1 _aHistoria y fotografía ;
_v1
500 _aÍndice.
504 _aBibliografía: p. 163-165.
651 7 _aBerja-
_xHistoria.
_9152919
830 0 _aHistoria y fotografía ;
_v1
_9225718
852 _aES-MaACL
_jA-14317
_9195836
_bR.151569
_cDEPO1
_dOlim: N-7317
942 _2udc
_cMONOGRAFIA
999 _c188703
_d188703